LEADER 04033nam 22007332 450 001 9910461475303321 005 20151005020621.0 010 $a1-107-22054-8 010 $a1-139-06366-9 010 $a1-283-11264-7 010 $a9786613112644 010 $a1-139-07601-9 010 $a1-139-07027-4 010 $a1-139-07828-3 010 $a1-139-08057-1 010 $a0-511-97673-9 010 $a1-139-08284-1 035 $a(CKB)2670000000088912 035 $a(EBL)691939 035 $a(OCoLC)726734800 035 $a(SSID)ssj0000525729 035 $a(PQKBManifestationID)11329872 035 $a(PQKBTitleCode)TC0000525729 035 $a(PQKBWorkID)10507925 035 $a(PQKB)10116141 035 $a(UkCbUP)CR9780511976735 035 $a(MiAaPQ)EBC691939 035 $a(PPN)199803544 035 $a(Au-PeEL)EBL691939 035 $a(CaPaEBR)ebr10470725 035 $a(CaONFJC)MIL311264 035 $a(EXLCZ)992670000000088912 100 $a20101012d2011|||| uy| 0 101 0 $aeng 135 $aur||||||||||| 181 $ctxt$2rdacontent 182 $cc$2rdamedia 183 $acr$2rdacarrier 200 10$aSocial influence network theory $ea sociological examination of small group dynamics /$fNoah E. Friedkin, Eugene C. Johnsen$b[electronic resource] 210 1$aCambridge :$cCambridge University Press,$d2011. 215 $a1 online resource (xxi, 367 pages) $cdigital, PDF file(s) 225 1 $aStructural analysis in the social sciences ;$v33 300 $aTitle from publisher's bibliographic system (viewed on 05 Oct 2015). 311 $a1-107-61767-7 311 $a1-107-00246-X 320 $aIncludes bibliographical references and index. 327 $aMachine generated contents note: Part I. Introduction: 1. Group dynamics: structural social psychology; 2. Formalization: attitude change in influence networks; 3. Operationalization: constructs and measures; 4. Assessing the model; Part II. Influence Network Perspective on Small Groups: 5. Consensus formation and efficiency; 6. The smallest group; 7. Social comparison theory; 8. Minority and majority factions; 9. Choice shift and group polarization; Part III. Linkages with Other Formal Theories: 10. Models of group decision making; 11. Expectation states and affect control; 12. Individuals in groups; Epilogue; Appendices. 330 $aSocial influence network theory presents a mathematical formalization of the social process of attitude changes that unfolds in a social network of interpersonal influences. This book brings the theory to bear on lines of research in the domain of small group dynamics concerned with changes of group members' positions on an issue, including the formation of consensus and of settled disagreement, via endogenous interpersonal influences, in which group members are responding to the displayed positions of the members of the group. Social influence network theory advances a dynamic social cognition mechanism, in which individuals are weighing and combining their own and others' positions on an issue in the revision of their own positions. The influence network construct of the theory is the social structure of the endogenous interpersonal influences that are involved in this mechanism. With this theory, the authors seek to lay the foundation for a better formal integration of classical and current lines of work on small groups in psychological and sociological social psychology. 410 0$aStructural analysis in the social sciences ;$v33. 606 $aSmall groups$xResearch 606 $aSocial influence 606 $aSocial psychology 615 0$aSmall groups$xResearch. 615 0$aSocial influence. 615 0$aSocial psychology. 676 $a302.3/4 700 $aFriedkin$b Noah E.$f1947-$0627122 702 $aJohnsen$b Eugene C.$f1932- 801 0$bUkCbUP 801 1$bUkCbUP 906 $aBOOK 912 $a9910461475303321 996 $aSocial influence network theory$92449846 997 $aUNINA LEADER 03805nam 2200673 a 450 001 9910455559303321 005 20200520144314.0 010 $a0-7844-7241-6 035 $a(CKB)1000000000809203 035 $a(EBL)3115519 035 $a(SSID)ssj0000539934 035 $a(PQKBManifestationID)12177597 035 $a(PQKBTitleCode)TC0000539934 035 $a(PQKBWorkID)10581111 035 $a(PQKB)11700575 035 $a(MiAaPQ)EBC3115519 035 $a(Au-PeEL)EBL3115519 035 $a(CaPaEBR)ebr10475976 035 $a(OCoLC)922966124 035 $a(EXLCZ)991000000000809203 100 $a20080618d2008 uy 0 101 0 $aeng 135 $aur|n|---||||| 181 $ctxt 182 $cc 183 $acr 200 10$aPavements and materials$b[electronic resource] $echaracterization, modeling, and simulation : proceedings of Symposium on Pavement Mechanics and Materials at the 18th ASCE Engineering Mechanics Division (EMD) Conference, June 3-6, 2007, Blacksburg, Virginia /$fsponsored by Pavements Committee of the Geo-Institute, American Society of Civil Engineers ... [et al.] ; edited by Zhanping You, Ala R. Abbas, Linbing Wang 210 $aReston, Va. $cAmerican Society Of Civil Engineers$dc2008 215 $a1 online resource (178 p.) 225 1 $aGeotechnical special publication ;$vno. 182 300 $aDescription based upon print version of record. 311 $a0-7844-0986-2 320 $aIncludes bibliographical references and indexes. 327 $a""Cover""; ""Contents""; ""Theoretical Aspects in Modeling Asphalt Concrete and Pavements""; ""Simulating the Deformation Behavior of Hot Mix Asphalt in the Indirect Tension Test""; ""A Three-Dimensional Micro-Frame Element Network Model for Damage Behavior of Asphalt Mixtures""; ""The Effect of Water on Pavement Response Based on 3D FEM Simulation and Experiment Evaluation""; ""Study on the Influence of the Fiber and Modified Asphalt upon the Performance of Asphalt Mixture""; ""DEM Models of Idealized Asphalt Mixtures"" 327 $a""Responses of a Transversely Isotropic Layered Half-Space to Multiple Horizontal Loads""""Calculating Thermal Stresses of Asphalt Pavement in Environmental Conditions""; ""Numerical Simulation for Interaction between Tyre and Steel Deck Surfacing""; ""Fatigue Characteristic of Asphalt""; ""Coefficient of Thermal Expansion of Concrete for Rigid Pavement Design""; ""Two Dimensional and Three Dimensional Discrete Element Models for HMA""; ""Analysis on Property Changes of Neat and Modified Asphalt under Ultraviolet Aging"" 327 $a""A Viscoplastic Foam Model for Prediction of Asphalt Pavement Compaction""""Thermal Stress Calculation and Analysis in Steel Bridge Deck Pavement""; ""Equivalency of Using the Binder or the Mastic Modulus to Estimate the Mixture Modulus""; ""Indexes""; ""Author Index""; ""Subject Index"" 410 0$aGeotechnical special publication ;$vno. 182. 606 $aPavements$vCongresses 606 $aRoad materials$vCongresses 606 $aPavements$xPerformance$vCongresses 606 $aPavements, Asphalt$vCongresses 608 $aElectronic books. 615 0$aPavements 615 0$aRoad materials 615 0$aPavements$xPerformance 615 0$aPavements, Asphalt 676 $a625.8/5 701 $aYou$b Zhanping$0915748 701 $aAbbas$b Ala R$0915749 701 $aWang$b Linbing$f1963-$0915750 712 02$aAmerican Society of Civil Engineers.$bGeo-Institute.$bPavements Committee. 712 12$aASCE Engineering Mechanics Conference$d(18th :$f2007 :$eBlacksburg, Va.) 801 0$bMiAaPQ 801 1$bMiAaPQ 801 2$bMiAaPQ 906 $aBOOK 912 $a9910455559303321 996 $aPavements and materials$92052896 997 $aUNINA LEADER 03804nam 2200661 a 450 001 9910830784003321 005 20230331005424.0 010 $a1-282-12235-5 010 $a9786612122354 010 $a0-470-51379-9 010 $a0-470-51380-2 035 $a(CKB)1000000000377081 035 $a(EBL)470303 035 $a(OCoLC)609849094 035 $a(SSID)ssj0000357658 035 $a(PQKBManifestationID)11263414 035 $a(PQKBTitleCode)TC0000357658 035 $a(PQKBWorkID)10358974 035 $a(PQKB)11622223 035 $a(MiAaPQ)EBC470303 035 $a(EXLCZ)991000000000377081 100 $a19890328d1989 uy 0 101 0 $aeng 135 $aur|n|---||||| 181 $ctxt 182 $cc 183 $acr 200 00$aCellular basis of morphogenesis$b[electronic resource] 210 $aChichester, West Sussex, England ;$aNew York $cWiley$d1989 215 $a1 online resource (318 p.) 225 1 $aCiba Foundation symposium ;$v144 300 $a"Symposium on Cellular Basis of Morphogenesis, held at the Juan March Foundation, Madrid, Spain 18-20 October 1988"--P. v. 300 $aEdited by David Evered and Joan Marsh. 300 $a"A Wiley-Interscience publication." 311 $a0-471-92306-0 320 $aIncludes bibliographies and index. 327 $aCELLULAR BASIS OF MORPHOGENESIS; Contents; Participants; Introduction1; The cellular i nterphase; Localization of mRNA and axis formation during Xenopus embryogenesis; Axis determination in insect embryos; Morphogen gradients and the control of body pattern in insect embryos; General discussion I; The establishment of regional identity in the Xenopus blastula; Factors specifying cell lineages in the leech; Cell lineage and cell states in the Drosophila embryo; General discussion I I 327 $aln vivo competition identifies posit i ve cis- reg u I at o r y e I em e n t s required for lineage-specific gene expression in the sea urchin embryoCell allocation and lineage in the early mouse embryo; Induction and the organization of the body plan in Xenopus development; General discussion I I I; Genetic control of cellular interactions in Caenorhabditis elegans development; Structure and function of the bithorax complex genes of Drosophila; Cad heri n-mediated specific cell adhesion and animal morphogenesis 327 $aPolarity and patterning in the neural tube: the origin and function of the floor plateCellular communication in the developing Drosophila eye; General discussion IV; Summary; Index of contributors; Subject index 330 $aContributors to this symposium focus on the interface between genes and cells, covering genetic analysis, cloning studies, and the investigation of cell lineages and cellular interactions. They note how the body axes are already determined in the eggs of invertebrates and amphibia, then consider the mechanisms as the egg cleaves, in annelids, arthropods, amphibia, and mice that underlie assignation of cells to specific lineages, which give rise to different tissues in the adult. Closing chapters characterize the molecules that mediate each cell's particular fate, its position in the final body 410 0$aCiba Foundation symposium ;$v144. 606 $aMorphogenesis 606 $aDevelopmental cytology 615 0$aMorphogenesis. 615 0$aDevelopmental cytology. 676 $a574.332 676 $a591.3 676 $a591.332 701 $aEvered$b David$0857127 701 $aMarsh$b Joan$091633 712 12$aSymposium on Cellular Basis of Morphogenesis$f(1988 :$eMadrid, Spain) 801 0$bMiAaPQ 801 1$bMiAaPQ 801 2$bMiAaPQ 906 $aBOOK 912 $a9910830784003321 996 $aCellular basis of morphogenesis$94067804 997 $aUNINA